00622nam a2200181Ia 4500008004100000082001300041100002000054245004400074250000800118260002800126300001000154500002400164650002400188942000700212952010200219952010200321999001700423230524s9999 xx 000 0 und d a406bWEI aGeorge Weinberg 0aPractical Way To A Powerful Personality a1ST aNEW DELHIbOrientc2005 aI;241 aQuantity Number: 2 aMiscellaneous91877 cBK 00104070aTATCLbTATCLcGENd2023-05-24l0o406 WEIp9085r2023-05-24w2023-05-24yBKzHMSS3101 00104070aTATCLbTATCLcGENd2023-05-24l0o406 WEIp9086r2023-05-24w2023-05-24yBKzHMSS3101 c33740d33740